000 00702nam a2200181 a 4500
008 100721s2009 ||||||||||||||||| || u
020 _a9780749452421
050 _aHF 5549 Arm
100 _aArmstrong, Michael, 1928-
245 1 0 _aArmstrong's handbook of human resource management practice. -- 11th ed.
_cMichael Armstrong
250 _a11th ed.
260 _aLondon
_bKogan Page
_c2009
300 _axxvi, 1062p.: ill.
350 _a0.00
650 0 _aMANAGEMENT
650 _aPERSONNEL MANAGEMENT--HANDBOOKS, MANUALS, ETC
995 _D0.00
_FCBU-MAIN LIBRARY (Kitwe)
_H1
_I0.00
_M1
_UAVAILABLE
_WAug 18, 2010
_ZMain Library Open Access Collection
999 _c34842
_d34842